ბათუმის შოთა რუსთაველის სახელმწიფო უნივერსიტეტის ბიბლიოთეკა

საქართველოს ისტორია.საერო და საეკლესიო რუკების მიხედვით (ნაწ.1.უძველესი ხანიდან 10 საუკუნის ჩათვლით) (ბიბ.ჩანაწერი № 43397)

000 -LEADER
fixed length control field 01016nam a2200229Ia 4500
001 - CONTROL NUMBER
control field 10125
003 - CONTROL NUMBER IDENTIFIER
control field GE_BSU
008 - FIXED-LENGTH DATA ELEMENTS--GENERAL INFORMATION
fixed length control field 181216s||||||||xx |||||||||||||| ||und||
020 ## - INTERNATIONAL STANDARD BOOK NUMBER
International Standard Book Number 9789941056482
040 ## - CATALOGING SOURCE
Transcribing agency GE_BSU
080 ## - UNIVERSAL DECIMAL CLASSIFICATION NUMBER
Universal Decimal Classification number 94(479.22)+912.43(479.22)
100 ## - MAIN ENTRY--PERSONAL NAME
Personal name ჯაფარიძე,ანანია მიტროპოლიტი
245 ## - TITLE STATEMENT
Title საქართველოს ისტორია.საერო და საეკლესიო რუკების მიხედვით (ნაწ.1.უძველესი ხანიდან 10 საუკუნის ჩათვლით)
245 ## - TITLE STATEMENT
Remainder of title ნაწ.1 უძველესი ხანიდან 10 საუკუნის ჩათვლით
245 ## - TITLE STATEMENT
Statement of responsibility, etc. რედ.ი.გორგიძე
260 ## - PUBLICATION, DISTRIBUTION, ETC.
Place of publication, distribution, etc. თბილისი
260 ## - PUBLICATION, DISTRIBUTION, ETC.
Name of publisher, distributor, etc. გუმბათი
260 ## - PUBLICATION, DISTRIBUTION, ETC.
Date of publication, distribution, etc. 2012
300 ## - PHYSICAL DESCRIPTION
Extent 148გვ.20სმ.
653 ## - INDEX TERM--UNCONTROLLED
Uncontrolled term საქართველოს ისტორია
942 ## - ADDED ENTRY ELEMENTS (KOHA)
Koha item type წიგნი
ეგზემპლარები
Withdrawn status Lost status Damaged status Not for loan Date acquired Barcode Date last seen Price effective from Koha item type
        2018-12-17 18719 2018-12-17 2018-12-17 წიგნი